000 01571cam a2200337 a 4500
999 _c10430
_d10430
001 13825658
003 GBCCL
005 20241126110732.0
008 041227s2005 waub j b 000 0beng
010 _a 2004030061
020 _a157658318X
040 _aDLC
_cDLC
_dDLC
042 _apcc
043 _aa-ii---
050 0 0 _aBV5095.S5
_bB46 2005
082 0 0 _a266.0092
_aB
_222
_bBEN
100 1 _aBenge, Janet,
_d1958-
_917368
245 1 0 _aSundar Singh :
_bfootprints over the mountains /
_cJanet & Geoff Benge.
260 _aSeattle, WA :
_bYWAM Pub.,
_cc2005.
300 _a183 p. :
_bmap ;
_c21 cm.
440 0 _aChristian heroes, then & now
_917374
504 _aIncludes bibliographical references (p. 183).
505 0 _aHe had saved his own life -- The path that will lead you to God -- The biggest shock of his life -- "We reject you forever" -- Sadhu Sundar Singh -- The life of a traveling Sadhu -- Across the mountains -- A caged forest bird -- "You are alive!" -- Into Nepal -- To the South -- To Tibet once again -- To the West -- In the footsteps of Jesus -- The perfect life.
600 1 0 _aSingh, Sundar,
_d1889-1929
_vJuvenile literature.
_918129
650 0 _aMystics
_zIndia
_vBiography
_vJuvenile literature.
_918130
700 1 _aBenge, Geoff,
_d1954-
_917373
856 4 1 _3Table of contents
_uhttp://www.loc.gov/catdir/toc/ecip055/2004030061.html
906 _a7
_bcbc
_corignew
_d1
_eecip
_f20
_gy-gencatlg
942 _2ddc
_cBK
_01